000 00695nam a2200241 a 4500
001 000044497
003 DO-SdBNP
005 20180327143141.0
007 000044497
008 140703s2010 dr af 000 j spa d
020 _a9789945002591
040 _aBPMET
_bspa
_cBPMET
100 1 _aPhipps, Miguel
245 1 3 _aLa diosa del jardín /
_cMiguel Phipps ; diseño e ilustración Ohanda Coste.
260 _aSanto Domingo :
_bCorripio,
_c2010.
300 _a20 p. :
_bil. ;
_c28 cm.
490 1 _aInfantil
_v1
700 1 2 _aCoste, Ohanda
_eil.
830 1 0 _aInfantil ;
_n1
942 _2ddc
_cBK
945 _aRemanejado para la BNPHU / 2018 VM
956 _aVMATEO
_b10
_c20140703
_lBPMSU
_h0069
999 _c7310
_d7310